ՄԱՅՐ ԱԹՈՌ ՍՈՒՐԲ ԷՋՄԻԱԾԻՆ

«ՎԱՉԵ ԵՎ ԹԱՄԱՐ ՄԱՆՈՒԿՅԱՆ» ՄԱՏԵՆԱԴԱՐԱՆ

Բռնության մշակույթը Հայաստանում․ (Record no. 73373)

MARC details
000 -LEADER
fixed length control field 01094nam a22002537a 4500
003 - CONTROL NUMBER IDENTIFIER
control field SEM
005 - DATE AND TIME OF LATEST TRANSACTION
control field 20230224124935.0
008 - FIXED-LENGTH DATA ELEMENTS--GENERAL INFORMATION
fixed length control field 230125s2020 ai ||||gr||||||01|0|arm|d
020 ## - INTERNATIONAL STANDARD BOOK NUMBER
International Standard Book Number 9789939112220
040 ## - CATALOGING SOURCE
Original cataloging agency SEM
Transcribing agency SEM
041 ## - LANGUAGE CODE
Language code of text/sound track or separate title arm
080 ## - UNIVERSAL DECIMAL CLASSIFICATION NUMBER
Universal Decimal Classification number 34(47.925)/Բ-89
245 ## - TITLE STATEMENT
Title Բռնության մշակույթը Հայաստանում․
Remainder of title անդրադարձ և առաջարկներ /
Statement of responsibility, etc. Մ․ Հովհաննիսյան և ուրիշ․; Եվրասիա համագործակցություն հիմնադրամ
260 ## - PUBLICATION, DISTRIBUTION, ETC.
Place of publication, distribution, etc. Երևան :
Name of publisher, distributor, etc. Եվրասիա համագործակցություն հիմնադրամ,
Date of publication, distribution, etc. 2020.
300 ## - PHYSICAL DESCRIPTION
Extent 110 էջ ;
Other physical details աղյս․;
Dimensions 24 սմ
650 ## - SUBJECT ADDED ENTRY--TOPICAL TERM
Topical term or geographic name entry element Իրավունք
General subdivision Հայաստան
-- բռնություն
653 ## - INDEX TERM--UNCONTROLLED
Uncontrolled term ՍԷՄ
700 ## - ADDED ENTRY--PERSONAL NAME
Personal name Հովհաննիսյան Մ․
Relationship հեղ․
700 ## - ADDED ENTRY--PERSONAL NAME
Personal name Գասպարյան Գ․
Relationship հեղ․
700 ## - ADDED ENTRY--PERSONAL NAME
Personal name Սմբատյան Հ․
Relationship հեղ․
700 ## - ADDED ENTRY--PERSONAL NAME
Personal name Խուրշուդյան Շ․
Relationship հեղ․
710 ## - ADDED ENTRY--CORPORATE NAME
Corporate name or jurisdiction name as entry element Եվրասիա համագործակցություն հիմնադրամ
942 ## - ADDED ENTRY ELEMENTS (KOHA)
Source of classification or shelving scheme Universal Decimal Classification
Koha item type Գրքեր/Books
Suppress in OPAC No
Holdings
Withdrawn status Lost status Source of classification or shelving scheme Damaged status Not for loan Collection code Home library Current library Date acquired Cost, normal purchase price Inventory number Total Checkouts Full call number Barcode Date last seen Price effective from Koha item type Public note
    Universal Decimal Classification     Գրապահոց Մայր Աթոռ Սուրբ Էջմիածին «Վաչե և Թամար Մանուկյան» Մատենադարան Մայր Աթոռ Սուրբ Էջմիածին «Վաչե և Թամար Մանուկյան» Մատենադարան 24/02/2023 800.00 34562   34(47.925)/Բ-89 34562 24/02/2023 24/02/2023 Գրքեր/Books Սպասարկվում է ընթերցասրահ